• 首页
  • 本馆介绍
  • 公告通知
  • 最新文献
  • 馆藏检索
  • 电子资源
  • 读者导购
  • 参考咨询
  • 我的图书馆
  • 登录
  • 详细信息显示
  • 放入我的书架
  • 预约/预借图书
  • 作者相关作品
  • 分类相关作品
  • 丛书相关作品
  • 出版社相关作品

书目信息

  • 表格格式
  • 工作单格式
  • 卡片格式
题名:
园林绿化实用技术
    
 
作者: 李月华 主编
分册:  
出版信息: 北京   化学工业出版社  2009
页数: 240页
开本: 24cm
丛书名:
单 册:
中图分类: S73
科图分类:
主题词: 园林--绿化--技术培训--教材 , 园林 , 绿化 , 技术培训
电子资源:
ISBN: 978-7-122-04948-3
000 00950nam0 2200265 45
005 20100303150741.21
010    @a978-7-122-04948-3@dCNY32.00
100    @a20100120d2009 ekmy0chiy0120 ea
101 0  @achi
102    @aCN@b110000
105    @ay z 000yy
106    @ar
200 1  @a园林绿化实用技术@AYuan Lin Lu^ Hua Shi Yong Ji Shu@f李月华主编@FLi Yue Hua Zhu Bian
210    @a北京@c化学工业出版社@d2009
215    @a240页@d24cm
300    @a园林绿化技术工人职业技能培训教材
330    @a本书主要介绍了园林绿化概念和对环境的作用,园林植物分类及常用的园林植物,园林植物的形态、生长和繁殖的方法,园林植物的栽植、花坛的施工、垂直绿化技术,园林植物病虫害防治以及常用的园林工具和园林机械的使用等方面的内容。
606 0  @a园林@x绿化@x技术培训@j教材
606 0  @a园林
606 0  @a绿化
606 0  @a技术培训
690    @aS73@v4
701  0 @a李月华@ALi Yue Hua@4主编
801  0 @aCN@bTANGWEI@c20100303
905    @b0584311-15@dS73@e41@f5
    
    园林绿化实用技术/李月华主编.-北京:化学工业出版社,2009
    240页;24cm
    园林绿化技术工人职业技能培训教材
    
    ISBN 978-7-122-04948-3:CNY32.00
    本书主要介绍了园林绿化概念和对环境的作用,园林植物分类及常用的园林植物,园林植物的形态、生长和繁殖的方法,园林植物的栽植、花坛的施工、垂直绿化技术,园林植物病虫害防治以及常用的园林工具和园林机械的使用等方面的内容。
●
相关链接 在E读中查询图书 在五车中查询图书 在当当中查询图书 在豆瓣中查询图书


正题名:园林绿化实用技术     索取号:S73/41         预约/预借

序号 登录号 条形码 馆藏地/架位号 状态 备注
1 0584311   205843113   第二样本阅览室/ [索取号:S73/41] 在馆    
2 0584312   205843122   第三借阅区/ [索取号:S73/41] 在馆    
3 0584313   205843131   第三借阅区/ [索取号:S73/41] 在馆    
4 0584314   205843140   第三借阅区/ [索取号:S73/41] 在馆    
5 0584315   205843159   生命科学系资料室/ [索取号:S73/41] 在馆    
唐山师范学院图书馆 欢迎您!
大连网信软件有限公司© 版权所有